| 000 | 00935cam a22003014a 4500 | ||
|---|---|---|---|
| 001 | 14298893 | ||
| 005 | 20180222033807.0 | ||
| 008 | 060314s2007 nyua b 001 0 eng | ||
| 010 | _a 2006044412 | ||
| 020 | _a0071402845 | ||
| 035 | _a(OCoLC)ocm65820495 | ||
| 035 | _a(OCoLC)65820495 | ||
| 040 |
_aDLC _cDLC _dYDX _dBAKER _dBTCTA _dYDXCP _dDLC |
||
| 041 | _aeng | ||
| 042 | _apcc | ||
| 060 | 1 | 0 |
_aWQ 18.2 _bC337 2007 |
| 080 | _a618.0076 | ||
| 082 | 0 | 0 |
_a618.0076 TOY _222 |
| 100 | _a10 | ||
| 101 | _aGJIN | ||
| 245 | 0 | 0 |
_aCase files. _pObstetrics and gynecology / _cEugene C. Toy ... [et al.]. |
| 246 | 3 | 0 | _aObstetrics and gynecology |
| 246 | 1 | 4 |
_aCase files. _pObstetrics & gynecology |
| 504 | _aIncludes bibliographical references and index. | ||
| 906 |
_a7 _bcbc _corignew _d1 _eocip _f20 _gy-gencatlg |
||
| 942 |
_2ddc _cBK |
||
| 999 |
_c43110 _d43110 |
||